<?xml version="1.0" encoding="UTF-8"?>
<record
    xmlns:xsi="http://www.w3.org/2001/XMLSchema-instance"
    xsi:schemaLocation="http://www.loc.gov/MARC21/slim http://www.loc.gov/standards/marcxml/schema/MARC21slim.xsd"
    xmlns="http://www.loc.gov/MARC21/slim">

  <leader>01337nam a2200181Ia 4500</leader>
  <datafield tag="952" ind1=" " ind2=" ">
    <subfield code="0">0</subfield>
    <subfield code="1">0</subfield>
    <subfield code="2">lcc</subfield>
    <subfield code="4">0</subfield>
    <subfield code="7">0</subfield>
    <subfield code="a">01</subfield>
    <subfield code="b">01</subfield>
    <subfield code="d">2022-12-03</subfield>
    <subfield code="l">0</subfield>
    <subfield code="o">QA461 F84</subfield>
    <subfield code="p">16 003835</subfield>
    <subfield code="r">2023-07-13</subfield>
    <subfield code="t">1</subfield>
    <subfield code="w">2022-12-03</subfield>
    <subfield code="y">LB</subfield>
  </datafield>
  <datafield tag="999" ind1=" " ind2=" ">
    <subfield code="c">69379</subfield>
    <subfield code="d">69379</subfield>
  </datafield>
  <controlfield tag="008">120626s1994    mx k          000 0 spa d</controlfield>
  <datafield tag="020" ind1=" " ind2=" ">
    <subfield code="a">9701004701</subfield>
  </datafield>
  <datafield tag="050" ind1=" " ind2=" ">
    <subfield code="a">QA461</subfield>
    <subfield code="b">F84</subfield>
  </datafield>
  <datafield tag="100" ind1=" " ind2=" ">
    <subfield code="a">Fuenlabrada de la Vega Truc&#xED;os, Samuel</subfield>
    <subfield code="d">autor</subfield>
  </datafield>
  <datafield tag="245" ind1=" " ind2=" ">
    <subfield code="a">Matem&#xE1;ticas I</subfield>
    <subfield code="b">: Aritm&#xE9;tica y &#xE1;lgebra</subfield>
    <subfield code="c">/ Samuel, Fuenlabrada de la Vega Truc&#xED;os; revisi&#xF3;n t&#xE9;cnica: Alejandro Rosas Snell</subfield>
  </datafield>
  <datafield tag="260" ind1=" " ind2=" ">
    <subfield code="a">M&#xE9;xico </subfield>
    <subfield code="b">: McGraw Hill</subfield>
    <subfield code="c">, 1994</subfield>
  </datafield>
  <datafield tag="300" ind1=" " ind2=" ">
    <subfield code="a">iix, 281 p&#xE1;ginas </subfield>
    <subfield code="b">: formularios </subfield>
  </datafield>
  <datafield tag="505" ind1=" " ind2=" ">
    <subfield code="a">Conjuntos  
Los n&#xFA;meros reales  
Estructuras num&#xE9;ricas  
Operaciones con los n&#xFA;meros reales  
Exponenciaci&#xF3;n  
Notaci&#xF3;n cient&#xED;fica  
Terminolog&#xED;a y notaci&#xF3;n  
Operaciones con expresiones algebraicas  
Operaciones con expresiones algebraicas (cont.)  
Operaciones con polinomios factorizaci&#xF3;n  
Operaciones con polinomios con exponentes y radicales  
Operaciones con fracciones algebraicas  
Ecuaciones lineales  
Resoluci&#xF3;n de sistemas lineales con dos inc&#xF3;gnitas  
N&#xFA;meros complejos  
Ecuaciones cuadr&#xE1;ticas  
Discriminante y naturaleza de las ra&#xED;ces  
Resoluciones de sistemas de segundo grado  
Razones y proporciones  
Progresiones  
Intervalos  
Desigualdades </subfield>
  </datafield>
  <datafield tag="519" ind1=" " ind2=" ">
    <subfield code="a">Material Complementario /</subfield>
    <subfield code="d">16 003835</subfield>
  </datafield>
  <datafield tag="650" ind1=" " ind2="0">
    <subfield code="a">ARITM&#xC9;TICA</subfield>
    <subfield code="x">ESTUDIO Y ENSE&#xD1;ANZA</subfield>
  </datafield>
  <datafield tag="650" ind1=" " ind2="0">
    <subfield code="a">&#xC1;LGEBRA</subfield>
    <subfield code="x">ESTUDIO Y ENSE&#xD1;ANZA</subfield>
  </datafield>
  <datafield tag="942" ind1=" " ind2=" ">
    <subfield code="c">LB</subfield>
    <subfield code="2">lcc</subfield>
  </datafield>
</record>
